Finance a úvěr

Gespeichert in:
Bibliographische Detailangaben
Format: Schriftenreihe
Sprache:Tschechisch
Veröffentlicht: Praha UK Praha, Fakulta sociálních věd 2000
Schlagworte:
Tags: Tag hinzufügen
Keine Tags, Fügen Sie das erste Tag hinzu!

MARC

LEADER 00000nas2a2200000 4500
001 s124680
005 20231103122536.1
022 |a 0015-1920 
041 0 |a cze 
044 |a CZ 
245 1 0 |a Finance a úvěr 
264 1 |a Praha  |b UK Praha, Fakulta sociálních věd  |c 2000 
300 |a 2 zv.  |e 1 reg. 
773 0 |w eu_un_cat*s120052 
610 2 0 |a financie 
610 2 0 |a úver 
610 2 0 |a politika finančná